000 00498 a2200169 4500
003 OSt
005 20230907130420.0
008 230907b |||||||| |||| 00| 0 eng d
020 _a9781138695665
040 _coclc
082 _a810.99729
_bJAM/C
100 1 _aJames, Louis,
_d1933-
_99437
245 _aCaribbean literature in English /
_cLouis James
260 _aNew York:
_bRoutledge,
_c2014.
300 _a232 p
942 _2ddc
_cBK
_h810.99729
_iJAM/C
_k810.99729
_mJAM/C
999 _c42140
_d42140